| 000 | 01606nam a22004217a 4500 | ||
|---|---|---|---|
| 003 | CHAP | ||
| 005 | 20220329143229.0 | ||
| 008 | 070515d2007 mx b r 00110 spa d | ||
| 010 | _a93627 | ||
| 011 | _a94599 | ||
| 035 | _a105194 | ||
| 040 | _cCHAP | ||
| 090 | _aTesis | ||
| 100 | 1 |
_aMartínez Veyna, Antonio. _929 |
|
| 245 | 1 | 0 |
_aConceptos de desarrollo y el desarrollo del Ejido Morelos, Morelos, Zacatecas _c/por Antonio Martínez Veyna |
| 260 |
_aChapingo, Méx. : _bEl autor, _c2007. |
||
| 300 |
_a105 h.. ; _bgráfs. ; mapas, ; cuadros. |
||
| 502 | _aTesis (M.C. en Desarrollo Rural Regional) -- UACH. Dirección de Centros Regonales Universitarios | ||
| 530 | _aTambién disponible en línea | ||
| 590 |
_aALEPH _b10 _c20130110 _lUCH01 _h1518 |
||
| 590 |
_aBATCH-UPD _b10 _c20130110 _lUCH01 _h0631 |
||
| 590 |
_aBATCH-UPD _b10 _c20130410 _lUCH01 _h0315 |
||
| 590 |
_aBATCH-UPD _b10 _c20130913 _lUCH01 _h1803 |
||
| 590 |
_aBATCH-UPD _b10 _c20140324 _lUCH01 _h1502 |
||
| 590 |
_aBATCH-UPD _b10 _c20141002 _lUCH01 _h0834 |
||
| 590 |
_aCONVERSION _b10 _c20130109 _lUCH01 _h1352 |
||
| 650 | 1 | 4 |
_aDesarrollo rural. _932067 |
| 650 | 1 | 4 |
_aDesarrollo sustentable _zZacatecas. _932109 |
| 650 | 1 | 4 |
_aEjido Morelos, Zacatecas. _935947 |
| 650 | 1 | 4 |
_aEjidos _xZacatecas. _936037 |
| 650 | 1 | 4 |
_aProyectos de desarrollo. _992528 |
| 856 |
_3Finding aid _uhttp://10.13.5.2/tesis/105194.pdf _zTeclea aqui |
||
| 901 | _aBK | ||
| 905 | _aLuis Gutiérrez Merin | ||
| 942 | _cFOLL | ||
| 949 |
_aTesis _bBC _cTES _d33724002026967 _eTS1 _h46617 _i105194 _sb |
||
| 949 |
_aTesis _bBC _cTES _d33724002026975 _eTS2 _fc.2 _h46618 _i105194 _si |
||
| 999 |
_c93627 _d93627 |
||